000
00275nam a2200109Ia 4500
008
220216s9999 xx 000 0 und d
100
_a
Thomas K U
245
0
_a
Vilaveduppu sasthreeyamakki uthpadanam vardhippikkuka
260
_b
Rubber
_c
2008
300
_a
7-Jun
942
_c
BS
999
_c
50711
_d
50711